|
|
|
|
| LEADER |
01920nam a22003737a 4500 |
| 001 |
44662 |
| 003 |
BD-DhAAL |
| 005 |
20250918120130.0 |
| 008 |
250918t1885 enkac b 001 0 eng d |
| 040 |
|
|
|a BD-DhAAL
|c BD-DhAAL
|
| 041 |
1 |
|
|a eng
|h ara
|
| 082 |
|
|
|a 398.21
|2 23
|
| 130 |
0 |
|
|a Arabian nights.
|l English
|s (Burton)
|9 59373
|
| 245 |
1 |
4 |
|a The book of the thousand nights and a night :
|b a plain and literal translation of the Arabian nights entertainments.
|n Volume seven /
|c translated and annotated by Richard F. Burton.
|
| 260 |
|
|
|a London :
|b Privately printed by the Burton Club,
|c 1885.
|
| 300 |
|
|
|a 381 pages :
|b illustrations, portrait ;
|c 25 cm
|
| 362 |
|
|
|a Vol. 7
|
| 500 |
|
|
|a Estimated date of publication from Penzer.
|
| 500 |
|
|
|a Printed in the United States of America.
|
| 500 |
|
|
|a Illustrations are on plates with guard sheets printed with descriptive text in red.
|
| 500 |
|
|
|a Includes bibliographical references and index.
|
| 505 |
0 |
|
|a v. 7. The book of the thousand nights and a night.
|
| 541 |
|
|
|a Donated by Farhana Zahir, Assistant Professor, BRAC Business School, BRAC University
|e 44662
|
| 650 |
|
|
|a Fairy tales.
|
| 650 |
|
|
|a Tales, Arabic.
|9 59382
|
| 650 |
|
|
|a Folklore
|z Arabian Peninsula.
|9 59391
|
| 651 |
|
|
|a Arabian Peninsula
|x Folklore.
|9 59392
|
| 700 |
1 |
|
|a Burton, Richard Francis,
|c Sir,
|d 1821-1890,
|e translator,
|e editor.
|9 59374
|
| 700 |
1 |
|
|a Leighton, Frederick,
|e illustrator.
|9 59375
|
| 710 |
2 |
|
|a Burton Club,
|e publisher.
|9 59376
|
| 852 |
|
|
|a Ayesha Abed Library
|c General Stacks
|
| 942 |
|
|
|2 ddc
|c BK
|
| 999 |
|
|
|c 47581
|d 47581
|
| 952 |
|
|
|0 0
|1 0
|2 ddc
|4 0
|6 398_210000000000000_BOO
|7 0
|9 78218
|a BRACUL
|b BRACUL
|c NEW
|d 2025-09-18
|e Donated by Farhana Zahir, Assistant Professor, BRAC Business School, BRAC University
|l 1
|o 398.21 BOO
|p 3010044662
|q 2026-06-02
|r 2026-05-20
|s 2026-05-20
|t 1
|w 2025-09-18
|y BK
|x Donated by Farhana Zahir, Assistant Professor, BRAC Business School, BRAC University
|